| 000 | 00637nam a2200193Ia 4500 | ||
|---|---|---|---|
| 003 | OSt | ||
| 005 | 20251219100900.0 | ||
| 008 | 210210b2012 xxu||||| |||| 00| 0 eng d | ||
| 040 | _cAL | ||
| 041 | _aKannada | ||
| 082 | _aK894.209 ANNG | ||
| 100 |
_aANNADANESH (B E) _9134461 _dಅನ್ನದಾನೇಶ್ (ಬಿ ಇ) |
||
| 245 |
_aGirrsh karnadara natakagauu :Ondu adhyayana _bಗಿರೀಶ್ ಕಾರ್ನಾಡರ ನಾಟಕಗಳು: ಒಂದು ಅಧ್ಯಯನ |
||
| 260 |
_aBengaluru _bAnkita Pustaka _c2012 |
||
| 300 | _a328 | ||
| 690 |
_aKannada Drama Criticism _9134467 |
||
| 906 | _a067334 | ||
| 942 |
_2ddc _cBK |
||
| 999 |
_c149679 _d149679 |
||